DCI World Champions - Statistics

General Stats
  • This quiz has been taken 30 times
  • The average score is 33 of 52
Answer Stats
Hint Answer % Correct
2017 Blue Devils
77%
2019 Blue Devils
77%
2022 Blue Devils
77%
1972 Anaheim Kingsmen
69%
2016 Bluecoats
69%
1976 Blue Devils
69%
1977 Blue Devils
69%
1979 Blue Devils
69%
1980 Blue Devils
69%
2015 Blue Devils
69%
2013 Carolina Crown
69%
1973 Santa Clara Vanguard
69%
1974 Santa Clara Vanguard
69%
1978 Santa Clara Vanguard
69%
2018 Santa Clara Vanguard
69%
1982 Blue Devils
62%
1986 Blue Devils
62%
1994 Blue Devils
62%
1996* Blue Devils
62%
1997 Blue Devils
62%
1999* Blue Devils
62%
2003 Blue Devils
62%
2007 Blue Devils
62%
2009 Blue Devils
62%
2010 Blue Devils
62%
2012 Blue Devils
62%
2014 Blue Devils
62%
1983 Garfield Cadets
62%
1984 Garfield Cadets
62%
1985 Garfield Cadets
62%
1975 Madison Scouts
62%
1988 Madison Scouts
62%
1996* Phantom Regiment
62%
2008 Phantom Regiment
62%
1981 Santa Clara Vanguard
62%
1989 Santa Clara Vanguard
62%
1999* Santa Clara Vanguard
62%
1991 Star of Indiana
62%
1992 The Cavaliers
62%
1995 The Cavaliers
62%
2000* The Cavaliers
62%
2001 The Cavaliers
62%
2002 The Cavaliers
62%
2004 The Cavaliers
62%
2006 The Cavaliers
62%
1987 Garfield Cadets
54%
2000* The Cadets
54%
2005 The Cadets
54%
2011 The Cadets
54%
1990 The Cadets of Bergen County
54%
1993 The Cadets of Bergen County
54%
1998 The Cadets of Bergen County
54%
No matching quizzes found
Score Distribution
Percent of People with Each Score
Percentile by Number Answered
Your Score History
You have not taken this quiz